[Event "Nationale II 2006/7 rounds 8-11"]
[Site "FRA"]
[Date "2007.03.17"]
[Round "8.1"]
[White "Kulaots, Kaido"]
[Black "Navrotescu , Catalin"]
[Result "1/2-1/2"]
[WhiteElo "2525"]
[BlackElo "2402"]
[PlyCount "110"]
[EventDate "2007.04.03"]
[EventType "team"]
[EventRounds "11"]
[EventCountry "FRA"]
[WhiteTeam "Gif sur Yvette"]
[BlackTeam "Agneaux Saint Lô"]

1. e4 c5 2. Nf3 d6 3. d4 cxd4 4. Nxd4 Nf6 5. Nc3 a6 6. Be3 Nc6 7. f3 e6 8. Qd2
Be7 9. O-O-O O-O 10. g4 Nxd4 11. Qxd4 b5 12. g5 Nd7 13. Rg1 Qa5 14. Kb1 b4 15.
Ne2 Bb7 16. Rg3 d5 17. e5 Bc5 18. Qf4 Bxe3 19. Qxe3 d4 20. Nxd4 Qxe5 21. Qd2 a5
22. f4 Qc7 23. g6 hxg6 24. Nxe6 fxe6 25. Qxd7 Qxd7 26. Rxd7 Rxf4 27. Bh3 Bd5
28. Rxg6 Rf7 29. Rxd5 exd5 30. Be6 Kf8 31. Bxf7 Kxf7 32. Rd6 Rh8 33. Rxd5 Rxh2
34. b3 Kf6 35. Rxa5 g5 36. Rb5 g4 37. Rxb4 Kf5 38. Rb5+ Kf4 39. Rb4+ Kf3 40.
Rb8 g3 41. Rf8+ Ke3 42. Rg8 g2 43. Kb2 Kf2 44. a4 Rh3 45. Rxg2+ Kxg2 46. a5 Kf3
47. Kc3 Ke4+ 48. Kc4 Rh8 49. a6 Rc8+ 50. Kb5 Rxc2 51. a7 Ra2 52. Kb6 Kd4 53. b4
Kc4 54. b5 Rxa7 55. Kxa7 Kxb5 1/2-1/2

[Event "Nationale II 2006/7 rounds 8-11"]
[Site "FRA"]
[Date "2007.03.18"]
[Round "9.1"]
[White "Navrotescu , Catalin"]
[Black "Menager, Erwan"]
[Result "1-0"]
[WhiteElo "2402"]
[BlackElo "2142"]
[PlyCount "47"]
[EventDate "2007.04.03"]
[EventType "team"]
[EventRounds "11"]
[EventCountry "FRA"]
[WhiteTeam "Agneaux Saint-Lo"]
[BlackTeam "Tours"]

1. d4 Nf6 2. c4 c5 3. d5 b5 4. cxb5 a6 5. bxa6 g6 6. Nc3 Bxa6 7. Nf3 Bg7 8. e4
Bxf1 9. Kxf1 d6 10. g3 O-O 11. Kg2 Nbd7 12. Re1 Qa5 13. h3 Rfb8 14. Re2 Ne8 15.
Bf4 Rxb2 16. Rxb2 Qxc3 17. Rab1 Qc4 18. Qe2 Qa4 19. Rb7 Nef6 20. Rxd7 Qxa2 21.
Qxa2 Rxa2 22. Rdb7 Nxe4 23. Rxe7 Rxf2+ 24. Kg1 1-0

[Event "Nationale II 2006/7 rounds 8-11"]
[Site "FRA"]
[Date "2007.03.31"]
[Round "10.1"]
[White "Simon, Olivier"]
[Black "Navrotescu , Catalin"]
[Result "1-0"]
[WhiteElo "2383"]
[BlackElo "2402"]
[PlyCount "89"]
[EventDate "2007.04.03"]
[EventType "team"]
[EventRounds "11"]
[EventCountry "FRA"]

1. e4 c5 2. Nf3 d6 3. d4 cxd4 4. Nxd4 Nf6 5. Nc3 a6 6. Bg5 e6 7. f4 Qc7 8. Bxf6
gxf6 9. Qd2 Nc6 10. O-O-O Nxd4 11. Qxd4 Qc5 12. Qxf6 Rg8 13. Qd4 b5 14. g3 Qxd4
15. Rxd4 Ke7 16. Bg2 Bb7 17. Rhd1 Rd8 18. a4 Bg7 19. Rb4 Rc8 20. axb5 Bxc3 21.
bxc3 Rxc3 22. Bf1 axb5 23. Bxb5 Ra8 24. Bd3 Bc6 25. Kd2 Rc5 26. g4 h6 27. h4 e5
28. f5 f6 29. Rg1 d5 30. exd5 Bxd5 31. g5 hxg5 32. hxg5 e4 33. Bxe4 fxg5 34.
Rxg5 Kf6 35. Rg6+ Ke5 36. Bd3 Rac8 37. Rb1 R5c6 38. Rb5 Rc5 39. Rb1 R5c6 40.
Re1+ Kd4 41. c3+ Kc5 42. Rb1 Bc4 43. Rxc6+ Rxc6 44. Bxc4 Kxc4 45. Rf1 1-0

[Event "Nationale II 2006/7 rounds 8-11"]
[Site "FRA"]
[Date "2007.04.01"]
[Round "11.1"]
[White "Navrotescu , Catalin"]
[Black "Gouliyev, Namig"]
[Result "1/2-1/2"]
[WhiteElo "2402"]
[BlackElo "2545"]
[PlyCount "91"]
[EventDate "2007.04.03"]
[EventType "team"]
[EventRounds "11"]
[EventCountry "FRA"]

1. d4 d5 2. c4 dxc4 3. Nf3 Nf6 4. e3 e6 5. Bxc4 a6 6. O-O c5 7. a4 Nc6 8. Qe2
cxd4 9. Rd1 Be7 10. Nxd4 Nxd4 11. exd4 O-O 12. Nc3 Nd5 13. Nxd5 exd5 14. Bxd5
Qxd5 15. Qxe7 Bd7 16. Be3 Bc6 17. Qg5 f5 18. f3 Rf6 19. Ra3 Rg6 20. Qh5 Bxa4
21. Rc1 Bc6 22. Rc5 Qxf3 23. Qxf3 Bxf3 24. g3 Be4 25. Bf4 Rd8 26. Be5 Rc6 27.
Rac3 Kf7 28. h4 Rd7 29. Rxc6 Bxc6 30. Kf2 h6 31. h5 Ke6 32. Ke3 a5 33. Rc5 a4
34. Kf4 Rf7 35. Ra5 b5 36. Ra6 Kd5 37. Rb6 Rb7 38. Rxb7 Bxb7 39. Ke3 b4 40. Kd2
g6 41. hxg6 Bc8 42. g7 Be6 43. Kd3 Bg8 44. Bf4 h5 45. Bd2 b3 46. Bb4 1/2-1/2

[Event "Nationale II 2006/07 round 7"]
[Site "FRA"]
[Date "2007.02.11"]
[Round "7.1"]
[White "Luco, Alain"]
[Black "Navrotescu , Catalin"]
[Result "0-1"]
[WhiteElo "2111"]
[BlackElo "2402"]
[PlyCount "82"]
[EventDate "2007.02.11"]
[EventType "team"]
[EventRounds "1"]
[EventCountry "FRA"]
[WhiteTeam "Frankreich"]
[BlackTeam "Frankreich"]
[WhiteTeamCountry "FRA"]
[BlackTeamCountry "FRA"]

1. e4 c5 2. c3 d5 3. exd5 Qxd5 4. d4 Nf6 5. Nf3 e6 6. Be3 cxd4 7. cxd4 Nc6 8.
a3 Be7 9. Nc3 Qd6 10. Bd3 O-O 11. O-O b6 12. Qe2 Bb7 13. Rad1 Rac8 14. Rfe1
Rfe8 15. Bb1 Qb8 16. Bg5 g6 17. Ne4 Nxe4 18. Qxe4 Nb4 19. Qh4 Bxf3 20. gxf3
Bxg5 21. Qxg5 Nd5 22. Re4 Qd6 23. h4 Qe7 24. Qh6 Qf6 25. Kg2 Red8 26. h5 g5 27.
Qxf6 Nxf6 28. Re5 h6 29. f4 gxf4 30. Kf3 Rc4 31. d5 Rxd5 32. Rdxd5 Nxd5 33. Ba2
Rd4 34. Bxd5 Rxd5 35. Rxd5 exd5 36. Kxf4 f6 37. Kf5 Kf7 38. b4 a5 39. f3 Ke7
40. Kg6 d4 41. Kxh6 Kf7 0-1

[Event "Agneaux FRA, 10th Open"]
[Site "Agneaux FRA"]
[Date "2006.02.22"]
[Round "1"]
[White "Navrotescu , Catalin"]
[Black "Barbet, L."]
[Result "1-0"]
[WhiteElo "2395"]
[BlackElo "2067"]
[PlyCount "37"]
[EventDate "2006.02.22"]
[EventType "swiss"]
[EventRounds "7"]
[EventCountry "FRA"]

1. d4 d5 2. c4 dxc4 3. Nf3 Nf6 4. e3 c5 5. Bxc4 cxd4 6. exd4 e6 7. O-O Nbd7 8.
Nc3 a6 9. Re1 Be7 10. Bg5 O-O 11. Bb3 b5 12. d5 Nc5 13. Ne5 Qc7 14. Nc6 Bd6 15.
Bxf6 Bxh2+ 16. Kh1 gxf6 17. Qg4+ Kh8 18. Qh4 Nxb3 19. Qxf6+ 1-0

[Event "Agneaux FRA, 10th Open"]
[Site "Agneaux FRA"]
[Date "2006.02.23"]
[Round "2"]
[White "Manolache, Marius"]
[Black "Navrotescu , Catalin"]
[Result "1-0"]
[WhiteElo "2488"]
[BlackElo "2395"]
[PlyCount "80"]
[EventDate "2006.02.22"]
[EventType "swiss"]
[EventRounds "7"]
[EventCountry "FRA"]

1. d4 Nf6 2. Nf3 d5 3. c4 e6 4. Nc3 dxc4 5. e3 c5 6. Bxc4 a6 7. a4 Nc6 8. O-O
Qc7 9. Re1 Bd6 10. h3 O-O 11. dxc5 Bxc5 12. e4 Nd7 13. Qe2 Nde5 14. Nxe5 Qxe5
15. Be3 b6 16. Rad1 Bb7 17. Kh1 Bxe3 18. Qxe3 Qc5 19. Rd7 Rab8 20. Bf1 Rfd8 21.
Qxc5 bxc5 22. Rc7 a5 23. Rd1 Rxd1 24. Nxd1 Nd4 25. Nc3 Bc6 26. Bb5 Bxb5 27.
axb5 f6 28. Rxc5 e5 29. Rd5 Kf7 30. f4 Ke6 31. g4 h6 32. f5+ Ke7 33. b6 Rxb6
34. Rxd4 exd4 35. Nd5+ Kd6 36. Nxb6 Kc5 37. Nd5 Kc4 38. h4 d3 39. Kg2 d2 40.
Ne3+ Kb3 1-0

[Event "Agneaux FRA, 10th Open"]
[Site "Agneaux FRA"]
[Date "2006.02.23"]
[Round "3"]
[White "Navrotescu , Catalin"]
[Black "Maupin, Jean Paul"]
[Result "1-0"]
[WhiteElo "2395"]
[BlackElo "2078"]
[PlyCount "99"]
[EventDate "2006.02.22"]
[EventType "swiss"]
[EventRounds "7"]
[EventCountry "FRA"]

1. Nf3 Nf6 2. c4 e6 3. g3 b6 4. Bg2 Bb7 5. Nc3 Be7 6. d4 O-O 7. O-O Ne4 8. Bd2
Nxd2 9. Qxd2 d6 10. d5 e5 11. e4 a5 12. Ne1 Bg5 13. Qe2 Bh6 14. Nd3 Nd7 15. h4
Bc8 16. Bh3 Nf6 17. Bxc8 Qxc8 18. Kg2 Qd7 19. b4 axb4 20. Nxb4 Ra3 21. Nb5 Ra4
22. Nc6 {#} Rfa8 $2 {
Une perte de temps sur le déclenchement de l'attaque à l'aile-roi.} (22... g6
$1 $13) 23. Rfb1 g6 24. Rb3 Rf8 25. Nc3 Raa8 26. a4 Ng4 27. Nd1 f5 28. f3 Nf6
29. Nf2 Nh5 (29... Qg7 $5) 30. Qc2 Rf7 (30... Qg7 $5) 31. a5 bxa5 32. c5 Raf8
33. Rxa5 fxe4 34. Nxe4 Nf6 35. cxd6 Nxe4 36. Qxe4 Qxd6 $2 (36... cxd6 37. Ra7
Qe8 $14) 37. Qxe5 Bg7 38. Qxd6 cxd6 39. Rab5 Bf6 40. f4 Kg7 41. Rb7 h6 42. Kf3
g5 43. hxg5 hxg5 44. f5 Kh6 45. Rxf7 Rxf7 46. Rb8 Be5 47. Kg4 Bf6 48. Rg8 Rg7
49. Rf8 Bc3 50. Rh8+ 1-0

[Event "Agneaux FRA, 10th Open"]
[Site "Agneaux FRA"]
[Date "2006.02.24"]
[Round "4"]
[White "Nanu , Ana Daniela"]
[Black "Navrotescu , Catalin"]
[Result "0-1"]
[WhiteElo "2107"]
[BlackElo "2395"]
[PlyCount "54"]
[EventDate "2006.02.22"]
[EventType "swiss"]
[EventRounds "7"]
[EventCountry "FRA"]

1. e4 c5 2. d3 g6 3. g3 Bg7 4. Bg2 Nc6 5. f4 d6 6. Nf3 Nf6 7. O-O O-O 8. c3 Rb8
9. Na3 b5 10. Re1 b4 11. Nc4 bxc3 12. bxc3 Ba6 13. e5 Nd5 14. Qc2 Bxc4 15. dxc4
Nb6 16. e6 f5 17. Ng5 Qc7 18. Bd5 Nb4 19. cxb4 Bxa1 20. Bb2 Bxb2 21. Qxb2 Nxd5
22. cxd5 Rxb4 23. Qg2 Qb7 24. Qh3 h5 25. Qh4 Qxd5 26. Nf7 Rb2 27. Nh6+ Kh8 0-1

[Event "Nationale II 2006/07 rounds 5-6"]
[Site "FRA"]
[Date "2007.01.20"]
[Round "5.1"]
[White "Pham Minh, Hoang"]
[Black "Navrotescu , Catalin"]
[Result "1/2-1/2"]
[WhiteElo "2480"]
[BlackElo "2402"]
[PlyCount "101"]
[EventDate "2006.01.20"]
[EventType "team"]
[EventRounds "2"]
[EventCountry "FRA"]

1. d4 Nf6 2. c4 c5 3. d5 e6 4. Nc3 exd5 5. cxd5 d6 6. e4 g6 7. h3 Bg7 8. Nf3
O-O 9. Bd3 b5 10. Nxb5 Re8 11. Bg5 c4 12. Bxc4 Rxe4+ 13. Be2 Qa5+ 14. Nd2 Ba6
15. a4 Bxb5 16. axb5 Rxe2+ 17. Kxe2 Qxb5+ 18. Ke1 Qxb2 19. Bxf6 Qxf6 20. Ra3
Nd7 21. Ne4 Qb2 22. Rb3 Qa2 23. Kf1 Re8 24. Re3 Rb8 25. Re1 Rb2 26. Kg1 f5 27.
Ng3 Rd2 28. Qf3 Bd4 29. Re8+ Kf7 30. Re2 Ne5 31. Qf4 Rxe2 32. Nxe2 Bc5 33. Nc1
Qc2 34. g4 Qd1+ 35. Kh2 Qxd5 36. Rf1 Qe4 37. Qxe4 fxe4 38. Nb3 Bb6 39. Kg3 d5
40. Rc1 Nd3 41. Rc2 Ke6 42. Nc1 Ke5 43. Nxd3+ exd3 44. Ra2 Kd4 45. Kg2 Kc3 46.
Kf1 g5 47. Ke1 Kb3 48. Ra6 Kc2 49. Ra2+ Kb3 50. Ra6 Kc2 51. Ra2+ 1/2-1/2

[Event "Nationale II 2006/07 rounds 5-6"]
[Site "FRA"]
[Date "2007.01.21"]
[Round "6.1"]
[White "Navrotescu , Catalin"]
[Black "Cousigne, Frederic"]
[Result "1/2-1/2"]
[WhiteElo "2402"]
[BlackElo "2193"]
[PlyCount "45"]
[EventDate "2006.01.20"]
[EventType "team"]
[EventRounds "2"]
[EventCountry "FRA"]

1. d4 e6 2. c4 f5 3. g3 Nf6 4. Bg2 Be7 5. Nf3 O-O 6. O-O d6 7. Nc3 Ne4 8. Qc2
Nxc3 9. Qxc3 a5 10. b3 Nc6 11. Bb2 Bf6 12. Qc2 e5 13. dxe5 dxe5 14. e4 f4 15.
gxf4 exf4 16. e5 Be7 17. Qe4 Be6 18. Rad1 Qe8 19. Nd4 Nxd4 20. Rxd4 c6 21. Rfd1
Qh5 22. Bf3 Qh3 23. Kh1 1/2-1/2

[Event "Ch France (team) (nat.2) 2005/06"]
[Site "France"]
[Date "2005.10.16"]
[Round "1"]
[White "Navrotescu , Catalin"]
[Black "Gaborit, Jean Pierre"]
[Result "1/2-1/2"]
[WhiteElo "2397"]
[BlackElo "2265"]
[PlyCount "80"]
[EventType "swiss"]
[EventRounds "1"]

1. d4 Nf6 2. c4 g6 3. Nc3 d5 4. cxd5 Nxd5 5. e4 Nxc3 6. bxc3 Bg7 7. Nf3 c5 8.
Rb1 O-O 9. Be2 Qa5 10. Rb5 Qxc3+ 11. Bd2 Qa3 12. Rxc5 Qxa2 13. O-O Na6 14. Bc4
Qa3 15. Ra5 Qd6 16. Qb3 Nc7 17. Bb4 Qd7 18. Ng5 Ne6 19. Nxe6 fxe6 20. d5 b6 21.
Bb5 bxa5 22. Bxd7 axb4 23. Bxc8 Rfxc8 24. Qxb4 exd5 25. exd5 Bf6 26. d6 exd6
27. Qxd6 Rf8 28. Qa6 Rf7 29. Rd1 Raf8 30. g3 Bd8 31. f4 Bb6+ 32. Kg2 Rd8 33.
Rxd8+ Bxd8 34. h4 Kg7 35. Qc8 Bf6 36. h5 Be7 37. Qc4 Bf6 38. h6+ Kxh6 39. Kf3
g5 40. Qc1 Rf8 1/2-1/2

[Event "Niort I op"]
[Site "Niort FRA"]
[Date "2004.07.05"]
[Round "1"]
[White "Gjoka, Ralph"]
[Black "Navrotescu , Catalin"]
[Result "0-1"]
[WhiteElo "1590"]
[BlackElo "2403"]
[PlyCount "40"]
[EventDate "2004.07.05"]
[EventType "swiss"]
[EventRounds "7"]
[EventCountry "FRA"]
[Source "Inforchess"]
[SourceDate "2004.08.07"]

1. e4 c5 2. Nc3 Nc6 3. f4 e6 4. Bc4 Nge7 5. Nf3 d5 6. exd5 exd5 7. Bb3 g6 8. d3
Bg7 9. O-O O-O 10. Qe1 Bg4 11. Qh4 Bxf3 12. Rxf3 Nd4 13. Rf1 b5 14. f5 Nexf5
15. Qxd8 Rfxd8 16. Bxd5 Rac8 17. Bg5 Rd7 18. Rf2 b4 19. g4 bxc3 20. gxf5 cxb2
0-1

[Event "Niort I op"]
[Site "Niort FRA"]
[Date "2004.07.06"]
[Round "2"]
[White "Navrotescu , Catalin"]
[Black "Lemonnier, Remi"]
[Result "1-0"]
[WhiteElo "2403"]
[BlackElo "2000"]
[PlyCount "81"]
[EventDate "2004.07.05"]
[EventType "swiss"]
[EventRounds "7"]
[EventCountry "FRA"]
[Source "Inforchess"]
[SourceDate "2004.08.07"]

1. d4 d5 2. c4 e6 3. Nf3 Nf6 4. Bg5 Be7 5. e3 O-O 6. Nc3 Nbd7 7. cxd5 Nxd5 8.
Bxe7 Qxe7 9. Qc2 Nxc3 10. Qxc3 Nf6 11. Rc1 Ne4 12. Qc2 Qb4+ 13. Kd1 Nf6 14. Bd3
Bd7 15. a3 Qb6 16. Ke2 Bb5 17. Rhd1 Rfd8 18. Kf1 Rac8 19. Kg1 Bxd3 20. Rxd3 c5
21. Rc3 Rd5 22. b4 c4 23. Rxc4 Rxc4 24. Qxc4 Ne8 25. h3 h6 26. Ne5 Rd6 27. a4
f6 28. Nd3 Rc6 29. Nc5 Qc7 30. b5 Rd6 31. a5 Kf7 32. Qb3 b6 33. Nd3 Qb7 34.
axb6 Rxb6 35. Nc5 Qb8 36. Qa2 Qc7 37. Ra1 a6 38. bxa6 Qa7 39. Rb1 Rxb1+ 40.
Qxb1 Nc7 41. Qa2 $5 {(Db7! +-)} 1-0

[Event "Niort I op"]
[Site "Niort FRA"]
[Date "2004.07.06"]
[Round "3"]
[White "Claverie, Christophe"]
[Black "Navrotescu , Catalin"]
[Result "1-0"]
[WhiteElo "2330"]
[BlackElo "2403"]
[PlyCount "55"]
[EventDate "2004.07.05"]
[EventType "swiss"]
[EventRounds "7"]
[EventCountry "FRA"]
[Source "Inforchess"]
[SourceDate "2004.08.07"]

1. d4 g6 2. c4 Bg7 3. Nc3 c5 4. d5 d6 5. e4 Nf6 6. h3 O-O 7. Nf3 e6 8. Bd3 exd5
9. exd5 Re8+ 10. Be3 a6 11. O-O b5 12. cxb5 Bb7 13. bxa6 Nxa6 14. Bb5 Re7 15.
Qd2 Nb4 16. Bg5 Rb8 17. Bc4 Qd7 18. a3 Ne4 19. Nxe4 Rxe4 20. b3 Ra8 21. Rae1
Rxe1 22. Rxe1 Rxa3 $2 23. Re7 Qc8 24. Qf4 f5 25. Rxg7+ $1 Kxg7 26. Qxd6 Kg8 27.
Bh6 Ra1+ 28. Kh2 1-0

[Event "Niort I op"]
[Site "Niort FRA"]
[Date "2004.07.07"]
[Round "4"]
[White "Navrotescu , Catalin"]
[Black "Starostits, Andris"]
[Result "0-1"]
[WhiteElo "2403"]
[BlackElo "2277"]
[PlyCount "68"]
[EventDate "2004.07.05"]
[EventType "swiss"]
[EventRounds "7"]
[EventCountry "FRA"]
[Source "Inforchess"]
[SourceDate "2004.08.07"]

1. d4 d5 2. c4 c6 3. Nf3 Nf6 4. Nc3 a6 5. c5 Bf5 6. Bf4 e6 7. Qb3 Qc8 8. e3 Be7
9. Be2 Nbd7 10. h3 h6 11. Qd1 O-O 12. b4 Bd8 13. g4 Ne4 14. Rc1 Nxc3 15. Rxc3
Be4 16. Rg1 Bc7 17. g5 h5 18. Ne5 Nxe5 19. Bxe5 Bxe5 20. dxe5 Qc7 21. Qd4 Bg6
22. f4 Rfb8 23. Kf2 b5 24. cxb6 Qxb6 25. a3 a5 26. bxa5 Rxa5 27. Rgc1 Qb2 28.
Rxc6 Rxa3 29. Rc8+ Kh7 30. f5 Bxf5 31. Rxb8 Qxc1 32. Bxh5 Ra2+ 33. Be2 Be4 34.
g6+ Kxg6 0-1

[Event "Niort I op"]
[Site "Niort FRA"]
[Date "2004.07.08"]
[Round "6"]
[White "Navrotescu , Catalin"]
[Black "Demuth, Adrien"]
[Result "1-0"]
[WhiteElo "2403"]
[BlackElo "1976"]
[PlyCount "77"]
[EventDate "2004.07.05"]
[EventType "swiss"]
[EventRounds "7"]
[EventCountry "FRA"]
[Source "Inforchess"]
[SourceDate "2004.08.07"]

1. d4 d5 2. c4 e6 3. Nf3 Nf6 4. Bg5 c6 5. Nc3 Nbd7 6. cxd5 exd5 7. e3 Be7 8.
Bd3 O-O 9. Qc2 Re8 10. O-O Nf8 11. h3 g6 12. Rab1 a5 13. a3 Ne6 14. Bh4 Ng7 15.
b4 axb4 16. axb4 Bf5 17. Bxf5 Nxf5 18. Bxf6 Bxf6 19. b5 Ra3 20. bxc6 bxc6 21.
Ra1 Qa5 22. Rxa3 Qxa3 23. Na4 Ne7 24. Rb1 Ra8 25. Nc5 Ra7 26. g4 h6 27. Kg2 g5
28. Qb3 Qxb3 29. Rxb3 Rc7 30. Rb8+ Kg7 31. Na6 Ra7 32. Rb6 Kf8 33. Ne1 Ke8 34.
Nd3 Kd7 35. Ndc5+ Kd6 36. Kf3 Bg7 37. Ke2 Nc8 38. Rb8 Ne7 39. Rd8+ 1-0

[Event "Niort I op"]
[Site "Niort FRA"]
[Date "2004.07.09"]
[Round "7"]
[White "Flouzat, Jean Marc"]
[Black "Navrotescu , Catalin"]
[Result "0-1"]
[WhiteElo "2180"]
[BlackElo "2403"]
[PlyCount "82"]
[EventDate "2004.07.05"]
[EventType "swiss"]
[EventRounds "7"]
[EventCountry "FRA"]
[Source "Inforchess"]
[SourceDate "2004.08.07"]

1. d4 g6 2. e4 d6 3. Nf3 Nf6 4. Bd3 Bg7 5. c3 O-O 6. O-O c5 7. dxc5 dxc5 8. h3
Nc6 9. Bf4 Nh5 10. Be3 b6 11. a4 Qc7 12. Re1 Rd8 13. Qc2 Na5 14. Nbd2 c4 15.
Bf1 e5 16. Rad1 Bd7 17. g3 h6 18. Ra1 Nf6 19. Bg2 Be6 20. Nh4 Rd7 21. f4 exf4
22. gxf4 Re8 23. Ndf3 Nb3 24. Rad1 Rxd1 25. Rxd1 Nc5 26. Nd4 Bd7 27. e5 Bxa4
28. Qe2 Bxd1 29. Qxd1 Nfe4 30. Qe2 Qd8 31. Nhf3 Nd3 32. b3 Nxc3 33. Qd2 Nd5 34.
bxc4 Nxe3 35. Qxe3 Nc5 36. Nd2 g5 37. N2f3 gxf4 38. Qxf4 Nd3 39. Qg3 Nxe5 40.
Nf5 Nxf3+ 41. Bxf3 Qg5 0-1

[Event "Superliga"]
[Site "Tusnad"]
[Date "2004.05.02"]
[Round "2.6"]
[White "Jianu, Vlad Cristian"]
[Black "Navrotescu , Catalin"]
[Result "1/2-1/2"]
[WhiteElo "2420"]
[BlackElo "2390"]
[PlyCount "105"]
[EventDate "2004.05.05"]
[EventType "team"]
[Source "GMV"]
[SourceDate "2004.05.03"]

1. Nf3 g6 2. d4 Bg7 3. c4 c5 4. d5 d6 5. e4 Nf6 6. Bd3 O-O 7. O-O e6 8. Nc3
exd5 9. exd5 Bg4 10. h3 Bxf3 11. Qxf3 Nbd7 12. Qd1 Ne8 13. Be3 f5 14. Qd2 Ne5
15. Be2 Nc7 16. Rae1 Qf6 17. f4 Nd7 18. Bd3 Rae8 19. Bf2 Rxe1 20. Rxe1 Qf7 21.
a3 Re8 22. b4 Rxe1+ 23. Qxe1 b6 24. b5 Bf6 25. a4 Qg7 26. Ne2 h5 27. a5 Qe7 28.
a6 Kg7 29. Kf1 Kf7 30. Qb1 Nf8 31. Ng1 (31. Bxf5 $5 gxf5 32. Qxf5 Ne8 33. Qxh5+
Kg8 34. Ng3 Ng7 $14) 31... Ne8 32. Nf3 Ng7 33. Qc1 Kg8 34. Be1 Kf7 35. Bd2 Kg8
36. Kf2 Kf7 37. Qg1 Qd7 38. Kf1 Nh7 39. Qe3 Qe7 40. Qf2 Nf8 41. Bc1 Nh7 42. Be3
Nf8 43. Qe2 Nh7 44. Kf2 Nf8 45. Qc2 Kg8 46. Qc1 Kf7 47. Qb1 Kg8 48. Qg1 Qd7 49.
Nh2 Qe7 50. Kf3 h4 51. Qb1 Nd7 52. Nf1 Kf7 53. Qe1 1/2-1/2

[Event "3e Open International"]
[Site "Rochefort"]
[Date "2004.02.22"]
[Round "2.6"]
[White "Reveillere, Christian"]
[Black "Navrotescu , Catalin"]
[Result "0-1"]
[WhiteElo "1975"]
[BlackElo "2399"]
[PlyCount "74"]
[EventDate "2004.02.21"]

1. c4 e5 2. Nc3 Nc6 3. Nf3 Nf6 4. e4 Bc5 5. Nxe5 Nxe5 6. d4 Bb4 7. dxe5 Nxe4 8.
Qd4 Nxc3 9. bxc3 Be7 10. Bd3 d6 11. Bf4 dxe5 12. Qxd8+ Bxd8 13. Bxe5 f6 14. Bf4
c6 15. O-O-O Be7 16. Rhe1 Kf7 17. Kc2 Be6 18. a4 Bc5 19. Be3 Bxe3 20. Rxe3 Rae8
21. Rde1 a5 22. f4 g6 23. h3 Bd7 24. Rxe8 Rxe8 25. Rxe8 Bxe8 26. c5 Ke6 27. Be4
f5 28. Bf3 Kf6 29. g3 Bf7 30. Be2 g5 31. Kb2 Bd5 32. Bf1 gxf4 33. gxf4 Kg6 34.
Be2 Bg2 35. h4 Bh3 36. Kc2 Bg4 37. Kd2 Kh5 0-1

[Event "3e Open International"]
[Site "Rochefort"]
[Date "2004.02.22"]
[Round "3.6"]
[White "Navrotescu , Catalin"]
[Black "Valette, Christian"]
[Result "1/2-1/2"]
[WhiteElo "2399"]
[BlackElo "2110"]
[PlyCount "48"]
[EventDate "2004.02.21"]

1. d4 d5 2. c4 e6 3. Nc3 c5 4. e3 Nf6 5. Nf3 Nc6 6. a3 a6 7. dxc5 Bxc5 8. b4
Ba7 9. Bb2 O-O 10. Be2 dxc4 11. Bxc4 b5 12. Bd3 Bb7 13. O-O Qe7 14. Rc1 Rfe8
15. Qc2 Rac8 16. Qb1 Bb8 17. Ne4 Nxe4 18. Bxe4 f5 19. Bd3 Nxb4 20. axb4 Bxf3
21. gxf3 Qg5+ 22. Kh1 Qh5 23. f4 Qf3+ 24. Kg1 Qg4+ 1/2-1/2

[Event "3e Open International"]
[Site "Rochefort"]
[Date "2004.02.23"]
[Round "4.7"]
[White "Kozlov, Alexander"]
[Black "Navrotescu , Catalin"]
[Result "0-1"]
[WhiteElo "2240"]
[BlackElo "2399"]
[PlyCount "94"]
[EventDate "2004.02.21"]

1. d4 g6 2. c4 Bg7 3. Nc3 c5 4. d5 d6 5. e4 e6 6. Bf4 e5 7. Be3 Nf6 8. h3 O-O
9. g4 Na6 10. Bd3 Nc7 11. Nge2 a6 12. a4 Rb8 13. a5 b5 14. axb6 Rxb6 15. Na4
Rb8 16. Bd2 h5 17. g5 Nh7 18. h4 f6 19. Qc1 fxg5 20. hxg5 Rb7 21. Ng1 a5 22.
Nc3 Na6 23. f3 Nb4 24. Bf1 Rbf7 25. Ke2 Rf4 26. Bxf4 exf4 27. Nh3 Nxg5 28. Nxg5
Qxg5 29. Rxa5 Ba6 30. b3 Rb8 31. Nd1 Bd4 32. Rh2 Kh7 33. Qa3 Rb6 34. Qa4 Qe7
35. Nf2 Nxd5 36. Nd1 Nb4 37. Kd2 Bg7 38. Bd3 Qe5 39. Be2 Kh6 40. Rg2 Qe7 41.
Bd3 Qb7 42. Qe8 d5 43. Bb1 dxc4 44. Rxc5 Rd6+ 45. Ke1 Nc2+ 46. Kf1 cxb3+ 47.
Kg1 Qb6 0-1

[Event "3e Open International"]
[Site "Rochefort"]
[Date "2004.02.24"]
[Round "5.5"]
[White "Navrotescu , Catalin"]
[Black "Bouvier, Bruno"]
[Result "1/2-1/2"]
[WhiteElo "2399"]
[BlackElo "2246"]
[PlyCount "50"]
[EventDate "2004.02.21"]

1. d4 d5 2. c4 dxc4 3. Nf3 a6 4. e3 e6 5. Bxc4 Nf6 6. O-O c5 7. Qe2 cxd4 8.
exd4 Be7 9. Nc3 b5 10. Bd3 Bb7 11. Be3 Nbd7 12. a4 b4 13. Nb1 O-O 14. Nbd2 Nd5
15. a5 Qb8 16. Rfc1 Nf4 17. Bxf4 Qxf4 18. Be4 Qb8 19. Bc6 Nf6 20. Rc4 Qa7 21.
Rac1 Rac8 22. Nb3 Qa8 23. Qc2 Rxc6 24. Rxc6 Nd5 25. Ne5 Bg5 1/2-1/2

[Event "3e Open International"]
[Site "Rochefort"]
[Date "2004.02.25"]
[Round "6.3"]
[White "Todorov, Todor"]
[Black "Navrotescu , Catalin"]
[Result "1-0"]
[WhiteElo "2492"]
[BlackElo "2399"]
[PlyCount "33"]
[EventDate "2004.02.21"]

1. e4 d6 2. d4 Nf6 3. Nc3 g6 4. Be3 c6 5. Qd2 Nbd7 6. Nf3 e5 7. h3 Bg7 8. O-O-O
Qe7 9. Bh6 O-O 10. Qg5 Re8 11. Bxg7 Kxg7 12. Nh4 Nf8 13. dxe5 dxe5 14. Nf5+
Bxf5 15. exf5 Rad8 16. Bc4 Qc5 17. Qxf6+ 1-0

[Event "3e Open International"]
[Site "Rochefort"]
[Date "2004.02.26"]
[Round "7.9"]
[White "Navrotescu , Catalin"]
[Black "Torres, Patrice"]
[Result "1/2-1/2"]
[WhiteElo "2399"]
[BlackElo "2008"]
[PlyCount "65"]
[EventDate "2004.02.21"]

1. d4 d5 2. c4 c6 3. Nf3 Nf6 4. e3 e6 5. Bd3 Nbd7 6. O-O Bd6 7. Nc3 O-O 8. e4
dxc4 9. Bxc4 e5 10. Bg5 exd4 11. Qxd4 Bc5 12. Qd3 Qe7 13. Rad1 Ne5 14. Nxe5
Qxe5 15. Bxf6 Qxf6 16. Rd2 Bg4 17. Qg3 Be6 18. e5 Qh6 19. Bxe6 Qxd2 20. Ne4 Qd4
21. Nf6+ Kh8 22. Bf5 h6 23. Be4 Be7 24. Nh5 Rg8 25. Bb1 Bh4 26. Qh3 Rae8 27.
Qf5 g6 28. Qxf7 Re7 29. Qf4 Qxf4 30. Nxf4 Rxe5 31. Nxg6+ Rxg6 32. Bxg6 Re2 33.
g3 1/2-1/2

[Event "8th Open"]
[Site "St Lo"]
[Date "2004.02.17"]
[Round "6"]
[White "Poley, Vladimir"]
[Black "Navrotescu , Catalin"]
[Result "0-1"]
[WhiteElo "2425"]
[BlackElo "2399"]
[PlyCount "120"]
[EventDate "2004.02.14"]
[Source "Roberto Alvarez"]
[SourceDate "2004.03.08"]

1. Nf3 g6 2. d4 Bg7 3. b4 Nf6 4. Bb2 O-O 5. e3 d6 6. c4 Nbd7 7. Be2 e5 8. O-O
Re8 9. Qc2 exd4 10. Nxd4 a5 11. a3 Ne5 12. Nd2 Bd7 13. b5 Bg4 14. f3 Bc8 15. e4
Ned7 16. a4 Nc5 17. Ra3 Qe7 18. Re1 Bd7 19. Nf1 h5 20. Bd1 h4 21. Qf2 Nh5 22.
Bc2 Nf4 23. Ne3 c6 24. Bb1 Be5 25. Rd1 Qf6 26. Kh1 Kg7 27. Bc1 Rac8 28. Nf1
Nce6 29. Nb3 b6 30. Ne3 Ng5 31. bxc6 Rxc6 32. Nd5 Nxd5 33. cxd5 Rc4 34. Qe3
Rxc1 35. Nxc1 h3 36. g3 Bb2 37. Ra2 Nxf3 38. Rf1 Bxc1 39. Qxc1 g5 40. Qe3 g4
41. Qxb6 Rc8 42. Rc2 Rxc2 43. Bxc2 Qc3 44. Qf2 Qc4 45. Bd1 Ne5 46. Qf4 Nf3 47.
Rf2 Qd4 48. Rxf3 gxf3 49. Qxf3 Qa1 50. Kg1 Bxa4 51. Qg4+ Kf8 52. Qc8+ Ke7 53.
Qc7+ Bd7 54. Qc2 a4 55. Kf2 a3 56. Qd2 Qf6+ 57. Ke1 Bb5 58. Qa5 Qf1+ 59. Kd2
Qf2+ 60. Kc3 Qb2# 0-1